000 00453nam a2200181Ia 4500
005 20240823031248.0
008 240823s9999||||xx |||||||||||||| ||und||
041 _aENGLISH
082 _A004.68 N2
100 _a"Bridges, Stephen P M"
245 0 _aLow Cost Local Area Networks
250 _a1st
260 _c1992
_b"Galgotia,New Delhi"
500 _aYES
650 _aComputer Networks
_bInformation Technology
942 _cBK
999 _c190650
_d190650